Zákonník práce s judikatúrou marec 2010

Bibliographic Details
Corporate Author: Slovensko (Author)
Format: Book
Language:Slovak
PhysicalDescription:333 s. 21 cm
Published: Bratislava Iura edition 2010
ISBN:9788080783129
Edition:2. vyd.
Series:Iustitia
Subjects:

MARC

LEADER 00000cam a2200000 a 4500
001 vtls010079118
003 SK-MaSNL
005 20260426015101.0
008 190927s2010 xo d l 000 0 slo
015 |a SNBI2013 
020 |a 9788080783129  |q ( brož.) 
035 |a B28CF085-CE96-416E-8251-EC28CFCE279D 
035 |a urn:nbn:sk:snk-amka4l 
035 |a urn:nbn:sk:snk-am008a4e 
040 |a SNK  |b slo  |c SNK  |e AACR2 
041 0 |a slo 
043 |a e-xo--- 
044 |a xo  |c SK 
072 7 |a 349  |x Pracovné, sociálne, stavebné právo. Právo životného prostredia  |2 konspekt 
080 |a 349.2  |2 2001 
080 |a (094.5)  |2 2001 
080 |a 347.951  |2 2001 
080 |a (437.6)  |2 2001 
110 1 |a Slovensko  |4 aut  |9 266955 
240 1 0 |a Zákonník práce (2001, novela 2009) 
245 1 0 |a Zákonník práce s judikatúrou  |b marec 2010 
250 |a 2. vyd. 
260 |a Bratislava  |b Iura edition  |c 2010 
300 |a 333 s.  |c 21 cm 
490 1 |a Iustitia 
650 0 7 |a pracovné právo  |2 SNKPH  |9 982 
650 0 7 |a súdne rozhodnutia a stanoviská  |2 SNKPH  |9 4638 
651 7 |a Slovensko  |2 SNKPH  |9 14231 
655 7 |a zákony  |2 SNKPH  |9 70186 
830 0 |a Iustitia  |9 318534 
852 |a Štátna vedecká knižnica v Banskej Bystrici 
919 |a 978-80-8078-312-9 
958 |a OND 
999 |c 1176513  |d 1178443 
952 |a SNK  |b SNK  |y PREZ  |7 0  |p 17A0665142  |o snkSC 141095  |i snk2010/14293  |8 0  |0 0  |1 0  |4 0  |d 2010-06-29  |l 0  |r 2025-07-09 00:00:00  |w 2026-02-24 
952 |a SNK  |b SNK  |y VYP  |7 0  |p 17A0665141  |o snkSC 141095 D1  |i snk2010/14294  |8 0  |0 0  |1 0  |4 0  |d 2010-06-29  |f 1  |l 0  |r 2026-02-24 21:24:40  |w 2026-02-24